| 000 | 00562nam a2200229Ia 4500 | ||
|---|---|---|---|
| 003 | OSt | ||
| 005 | 20220916110930.0 | ||
| 006 | a|||||r|||| 00| 0 | ||
| 007 | ta | ||
| 008 | Pun | ||
| 024 | _a13,602 | ||
| 037 | _cTextbook | ||
| 040 |
_bPun _aARTS _cARTS |
||
| 041 | _aPun | ||
| 082 | _aO153,1x, L0 | ||
| 100 | _aਲਕFਮੀ ਦੇਵੀ | ||
| 245 | 0 | _aਕਿਰਪਾ ਸਾਗਰ | |
| 260 | _c1970 | ||
| 650 | _aਪੰਜਾਬੀ ਸਾਹਿਤ | ||
| 942 |
_hO153,1x, L0 _cTB _2CC |
||
| 999 |
_c101709 _d101709 |
||